| 000 | 01584cam a2200457 a 4500 | ||
|---|---|---|---|
| 001 | 22983 | ||
| 003 | SK-KTurca | ||
| 005 | 20260513124201.0 | ||
| 008 | 240318s2017 xo a b 000 j slo | ||
| 015 | _aSNBA2017/10 | ||
| 020 |
_a9788081426094 _q(viaz.) |
||
| 035 | _aurn:nbn:sk:snk-am00cz3n | ||
| 035 | _aurn:nbn:sk:snk-am3hg3j | ||
| 035 | _aF4F63923-EC38-4B93-89E3-B6A7B68BE56D | ||
| 040 |
_aPOKPOH _bslo _cPOKPOH _dSNK _eAACR2 |
||
| 041 | 1 |
_aslo _hcze |
|
| 044 |
_axo _cSK |
||
| 072 | 7 |
_a821.162.4-3 _xSlovenská próza _2konspekt |
|
| 072 | 7 |
_a821-93 _xLiteratúra pre deti a mládež (beletria) _2konspekt |
|
| 080 |
_a821.162.4-34 _22011 |
||
| 080 |
_a82-93-053.2 _22011 |
||
| 080 |
_a395 _22011 |
||
| 100 | 1 |
_aStoličný, Peter, _d1945- _4aut |
|
| 240 | 1 | 0 |
_aDobrý den, opičko _lSlovensky |
| 245 | 1 | 0 |
_aDobrý deň, opica Škorica _bveselé rozprávky o slušnom správaní _cPeter Stoličný ; [ilustrácie Sabína Liptáková ; preklad: Denisa Stareková] |
| 250 | _a1. vyd. | ||
| 260 |
_aBratislava _bFortuna Libri _c2017 |
||
| 300 |
_a121 s. _bfareb. ilustr. _c25 cm |
||
| 490 | 1 | _aFortuna Junior | |
| 650 | 0 | 7 |
_aspoločenské správanie _2SNKPH |
| 650 | 0 | 7 |
_aEtiquette _2SNKPHeng |
| 655 | 7 |
_aslovenské rozprávky _2SNKPH |
|
| 655 | 7 |
_apublikácie pre deti _2SNKPH |
|
| 655 | 7 |
_aSlovak fairy tales _2SNKPHeng |
|
| 655 | 7 |
_aChildren's literature _2SNKPHeng |
|
| 700 | 1 |
_aLiptáková, Sabína _4ill |
|
| 700 | 1 |
_aStareková, Denisa _4trl |
|
| 830 | 0 | _aFortuna Junior | |
| 942 |
_2ddc _cKLDE _n0 |
||
| 999 |
_c22983 _d22983 |
||